000 00380cam a22001337a 4500
008 180718b1996 xxu||||| |||| 00| 0 eng d
020 _a8185402671
082 _aT3121x54 M687v
100 _aMishra, Asim Kumar
245 _aVenture capital financing in India
_cby Asim Kumar Mishra
260 _aDelhi
_bShipra
_c1996
300 _a244p.
650 _aCorporations - Finance - India
999 _c378948
_d378948